| 000 -ლიდერი |
| ფიქსირებული სიგრძის საკონტროლო ველი |
01836nam a22002537a 4500 |
| 003 - საკონტროლო ნომრის იდენტიფიკატორი |
| საკონტროლო ველი |
Ge_BSU |
| 005 - ბოლო ოპერაციის თარიღი და დრო |
| საკონტროლო ველი |
20240729173117.0 |
| 008 - ფიქსირებული სიგრძის მონაცემთა ელემენტები - ზოგადი ინფორმაცია |
| ფიქსირებული სიგრძის საკონტროლო ველი |
240729s2024 ge ||||| |||| 00| 0 geo d |
| 020 ## - წიგნის საერთაშორისო სტანდარტული ნომერი |
| International Standard Book Number |
9789941509285 |
| 041 ## - ენის კოდი |
| Language code of text/sound track or separate title |
geo |
| 080 ## - უნივერსალური ათობითი კლასიფიკაციის ინდექსი |
| Universal Decimal Classification number |
001(479.22) მ-89 |
| 245 ## - ცნობა სათაურის შესახებ |
| Title |
მოწოდებით სწავლული: |
| Remainder of title |
პროფესორ დავით გოცირიძის ცხოვრება-მოღვაწეობა / |
| Statement of responsibility, etc |
რედაქტორი და წიგნის იდეის ავტორი თემურ ჯაგოდნიშვილი |
| 264 ## - წარმოების, გამოცემის, დისტრიბუციის და სხვა ცნობები |
| გამოცემის, წარმოების, დისტრიბუციის... ადგილი |
თბილისი : |
| გამოცემის, წარმოების, დისტრიბუციის... სახელწოდება |
საარი, |
| გამოცემის, წარმოების, დისტრიბუციის... თარიღი |
2024. |
| 300 ## - ფიზიკური აღწერა |
| Extent |
303 გვ.: |
| Other physical details |
ილ; |
| Dimensions |
26 სმ. |
| 653 ## - INDEX TERM--UNCONTROLLED |
| Uncontrolled term |
მოწოდებით სწავლული |
| 653 ## - INDEX TERM--UNCONTROLLED |
| Uncontrolled term |
კრებულში წარმოდგენილია ცნობილი ქართველი მეცნიერისა და პედაგოგის პროფესორ დავით გოცირიძის ცხოვრება-მოღვაეობის ამსახველი ნარკვევი. |
| 653 ## - INDEX TERM--UNCONTROLLED |
| Uncontrolled term |
მეცნიერება და ცოდნა |
| 700 ## - ADDED ENTRY--PERSONAL NAME |
| Personal name |
ჯაგოდნიშვილი,თემურ |
| Relator term |
რედაქტორი |
| 9 (RLIN) |
841 |
| 711 ## - ADDED ENTRY--MEETING NAME |
| Meeting name or jurisdiction name as entry element |
საქართველოს ტექნიკური უნივერსიტეტი |
| 9 (RLIN) |
22883 |
| 711 ## - ADDED ENTRY--MEETING NAME |
| Meeting name or jurisdiction name as entry element |
ქართული ფილოლოგიისა და მედიატექნოლოგიების დეპარტამენტი |
| 9 (RLIN) |
22994 |
| 711 ## - ADDED ENTRY--MEETING NAME |
| Meeting name or jurisdiction name as entry element |
ქართველოლოგიის სასწავლო-სამეცნიერო ცენტრი |
| 9 (RLIN) |
22995 |
| 773 ## - HOST ITEM ENTRY |
| Title |
ნაჩუქარი |
| 942 ## - ADDED ENTRY ELEMENTS (KOHA) |
| Source of classification or shelving scheme |
|
| Koha item type |
წიგნი |